LIBRARY & INFORMATION CENTRE, KCAET, TAVANUR

ONLINE PUBLIC ACCESS CATALOGUE (OPAC)

Ramanan / (Record no. 6513)

MARC details
000 -LEADER
fixed length control field 00397cam a2200157ua 4500
041 ## - LANGUAGE CODE
Language code of text/sound track or separate title mal
082 ## - DEWEY DECIMAL CLASSIFICATION NUMBER
Classification number 894.8121
Item number KRI/RA
100 ## - MAIN ENTRY--AUTHOR NAME
Personal name Krishna Pillai, Changampuzha.
245 ## - TITLE STATEMENT
Title Ramanan /
250 ## - EDITION STATEMENT
Edition statement 32 /
260 ## - PUBLICATION, DISTRIBUTION, ETC. (IMPRINT)
Place of publication Thrissur :
Name of publisher The Mangalodayam Pvt Ltd.
300 ## - PHYSICAL DESCRIPTION
Number of Pages 102 ; .
942 ## - ADDED ENTRY ELEMENTS (KOHA)
Koha item type Books
Holdings
Withdrawn status Lost status Damaged status Home library Current library Date acquired Cost, normal purchase price Full call number Accession Number Koha item type
Withdrawn     KAUAET KAUAET 07/04/2012 1.50 894.8121 162 Books
free website counter